Представление документа в формате MARC21

Поле Инд. ПП Название Значение
Тип записи a
Библиографический уровень m
001 _ Контрольный номер RU/URAIT/482117
005 _ Дата корректировки 20250915104054.2
008 Кодируемые данные 211118s2022 RU y f j 000 0 rus u
020 a ISBN 978-5-534-14832-9
c Цена, тираж 199.00
040 a Служба первич. каталог. ИКО Юрайт
c Служба, преобразующая запись ИКО Юрайт
e Правила каталог. RCR
041 a Код языка текста rus
044 a Код страны публикации RU
080 a Индекс УДК 340(075.8)
084 2 Источник индекса rubbk
a Индекс другой классификации/Индекс ББК 67я73
100 1_ a Автор Братко Татьяна Дмитриевна
q Полное имя Татьяна Дмитриевна
245 a Заглавие Правоведение. Практикум
b Продолж. заглавия Учебное пособие для вузов
c Ответственность Братко Т. Д.
256 a Характеристики компьютерного файла Электрон. дан.
260 a Место издания Москва
b Издательство Юрайт
c Дата издания 2022
300 a Объем 85 с
440 a Серия Высшее образование
500 a Примечание URL: https://urait.ru/bcode/482117 (дата обращения: 23.11.2021).
520 a Аннотация В настоящий практикум включены задания, способствующие усвоению юридических дисциплин, развивающие умение применять теоретические знания о праве для решения конкретных практических задач. Практикум отличается от большинства аналогичных учебных изданий тем, что содержит также рекомендации по выполнению заданий, например типовые алгоритмы решения задач по выявлению коллизий правовых норм и правовой квалификации. Издание предназначено для студентов, изучающих дисциплины «Право», «Правоведение», «Правовое регулирование экономической деятельности» и другие юридические дисциплины, преподавателей этих дисциплин и любых читателей, которые интересуются юриспруденцией.
538 a Прим. о системных особенностях Режим доступа: Электронно-библиотечная система Юрайт, для авториз. пользователей
653 a Ключевые слова Правоведение
653 a Ключевые слова Право. Юриспруденция.
653 a Ключевые слова Основы права
653 a Ключевые слова Правоведение
653 a Ключевые слова Право
653 a Ключевые слова Основы теории права
653 a Ключевые слова Основы правоведения
856 40 u URL https://urait.ru/bcode/482117
x Примечание для ЭОР https://urait.ru/book/cover/30EA3691-F7AC-4373-8CE1-6DA7DBCFD46B
z Примечание для пользователя Участвует в КО
856 41 u URL https://urait.ru/book/cover/30EA3691-F7AC-4373-8CE1-6DA7DBCFD46B